The annals of imperial Rome /

محفوظ في:

المؤلف الرئيسي: Tacitus, Cornelius (مؤلف)

مؤلفون آخرون: Grant, Michael, 1914-2004

التنسيق: كتاب

اللغة: English
Latin

منشور في: Baltimore, Md. : Penguin Books, 1956.

سلاسل: The Penguin classics ; L60.

الموضوعات:

الوسوم: إضافة وسم

لا توجد وسوم, كن أول من يضع وسما على هذه التسجيلة!

رقم الطلب: DG207 .T33 G7 1956

LEADER 00819nam a2200265Ma 4500
001 6306
003 OSt
005 20260115085806.0
008 130303s1956 miua 001 0 eng d
015 |a GB56-3861 
040 |c ARCE Library 
041 1 |a eng  |h lat 
050 4 |a DG207 .T33 G7 1956 
100 1 |a Tacitus, Cornelius,  |e author  |9 40774 
240 1 0 |a Annales.  |l English. 
245 1 4 |a The annals of imperial Rome /  |c Tacitus ; Translated with an introduction by Michael Grant. 
264 1 |a Baltimore, Md. :  |b Penguin Books,  |c 1956. 
300 |a 447 pages :  |b illustrations ;  |c 19 cm. 
490 0 |a The Penguin classics ;  |v L60. 
500 |a Includes index. 
651 0 |a Rome  |x History  |y Julio-Claudians, 30 B.C.-68 A.D. 
700 1 |a Grant, Michael,  |d 1914-2004, 
901 |a reviewed 
942 |c BK  |2 lcc 
999 |c 8378  |d 8378